<?xml version="1.0" encoding="UTF-8"?>
<record
    xmlns:xsi="http://www.w3.org/2001/XMLSchema-instance"
    xsi:schemaLocation="http://www.loc.gov/MARC21/slim http://www.loc.gov/standards/marcxml/schema/MARC21slim.xsd"
    xmlns="http://www.loc.gov/MARC21/slim">

  <leader>01540nam a22001817a 4500</leader>
  <controlfield tag="008">180206b        xxu||||| |||| 00| 0 eng d</controlfield>
  <datafield tag="020" ind1=" " ind2=" ">
    <subfield code="a">0323012272</subfield>
  </datafield>
  <datafield tag="050" ind1=" " ind2=" ">
    <subfield code="a">RT86.7.C66</subfield>
  </datafield>
  <datafield tag="100" ind1=" " ind2=" ">
    <subfield code="a">CREASIA, Joan L.</subfield>
  </datafield>
  <datafield tag="245" ind1=" " ind2=" ">
    <subfield code="a">Conceptual foundations: the bridge to professional nursing practice. /</subfield>
    <subfield code="c">Joan L Creasia and Barbara Parker</subfield>
  </datafield>
  <datafield tag="250" ind1=" " ind2=" ">
    <subfield code="a">3rd ed.</subfield>
  </datafield>
  <datafield tag="260" ind1=" " ind2=" ">
    <subfield code="a">Toronto:</subfield>
    <subfield code="b">Mosby,</subfield>
    <subfield code="c">2001.</subfield>
  </datafield>
  <datafield tag="300" ind1=" " ind2=" ">
    <subfield code="a">xv, 503p.:</subfield>
    <subfield code="b">ill.;</subfield>
    <subfield code="c">24cm</subfield>
  </datafield>
  <datafield tag="500" ind1=" " ind2=" ">
    <subfield code="a">Includes index.</subfield>
  </datafield>
  <datafield tag="505" ind1=" " ind2=" ">
    <subfield code="a">Contents: Part 1: Context of professional nursing practice: Historical highlights: The foundations of professional nursing in the United States -- Pathways of nursing education -- Socialization to professional nursing -- Professional nursing roles -- Client systems -- Theories and frameworks for professional nursing practice -- Case management: A nursing role -- Leadership and management strategies -- The nursing practice environment -- Part II: Dimensions of professional nursing practice: Health policy and planning -- Economic issues in health care -- Legal aspects of nursing practice -- Ethical dimensions of nursing and health care -- Social and cultural dimensions of health and health care -- Part III: Themes in professional nursing practice: Caring -- Health and health promotion -- Complementary and alternative practices and products: Components of holistic health care -- Challenges in teaching and learning -- Critical thinking -- The change process -- Nursing research -- Health care informatics.</subfield>
  </datafield>
  <datafield tag="700" ind1=" " ind2=" ">
    <subfield code="a">PARKER, Barbara</subfield>
  </datafield>
  <datafield tag="942" ind1=" " ind2=" ">
    <subfield code="2">lcc</subfield>
    <subfield code="c">BK</subfield>
  </datafield>
  <datafield tag="999" ind1=" " ind2=" ">
    <subfield code="c">6474</subfield>
    <subfield code="d">13974</subfield>
  </datafield>
  <datafield tag="952" ind1=" " ind2=" ">
    <subfield code="0">0</subfield>
    <subfield code="1">0</subfield>
    <subfield code="2">lcc</subfield>
    <subfield code="4">0</subfield>
    <subfield code="7">0</subfield>
    <subfield code="a">WIUC-1</subfield>
    <subfield code="b">WIUC-1</subfield>
    <subfield code="c">NURS L.</subfield>
    <subfield code="d">2018-02-06</subfield>
    <subfield code="l">0</subfield>
    <subfield code="o">RT86.7.C66</subfield>
    <subfield code="p">NURS/381/043/18</subfield>
    <subfield code="r">2018-02-06 00:00:00</subfield>
    <subfield code="t">1</subfield>
    <subfield code="w">2018-02-06</subfield>
    <subfield code="y">BK</subfield>
  </datafield>
</record>
